| 000 | 01274cam a22003252 4500 | ||
|---|---|---|---|
| 001 | 0000025414 | ||
| 005 | 20151217154535.0 | ||
| 008 | 150910s xx 000 0 eng d | ||
| 020 | _a0199696468 : | ||
| 040 |
_aKABU _cKABU |
||
| 245 | 1 | 0 |
_aComputer law / _cedited by Chris Reed. |
| 250 | _a7th ed. | ||
| 260 |
_aOxford : _bO. U. P., _c2011. |
||
| 300 | _aliii, 741 p. | ||
| 650 | 0 |
_aComputers _xLaw and legislation _zGreat Britain. _@0000160044 |
|
| 700 | 1 |
_aReed, Chris. _@0000178410 |
|
| 852 | 1 | _9p12500 | |
| 852 | 1 | _9p12500 | |
| 852 | 1 | _9p12500 | |
| 852 | 1 | _9p12500 | |
| 852 | 1 | _9p12500 | |
| 852 | 1 | _9p12500 | |
| 852 | 1 | _9p12500 | |
| 852 | 1 | _9p12500 | |
| 852 | 1 | _9p12500 | |
| 852 | 1 | _9p12500 | |
| 852 | 1 | _9p12500 | |
| 908 | _a150910 | ||
| 950 | _@1 | ||
| 999 |
_c11694 _d11694 |
||